Greek 1990s Music Quiz: Name the Artist - Statistics

General Stats
  • This quiz has been taken 3 times
  • The average score is 14 of 30
Answer Stats
Song Release Date Artist % Correct
Dithesio 1997 Αlkistis Protopsalti
100%
Otan eisai ftoxi sto myalo 1999 Alekos Zazopoulos
67%
Ti imouna gia sena 1996 Antonis Remos
67%
Gia ta lefta ta kanis ola 1993 Antypas
67%
Parallili agapi 1999 Antzy Samiou
67%
Mi me sigrineis 1994 Katy Garbi
67%
Mpam kai kato 1996 Lambis Livieratos
67%
M' agapas, s' agapo 1990 Lefteris Pantazis
67%
Den s' adiko 1997 Natasa Theodoridou
67%
Poula me 1991 Pix Lax
67%
Ipirhes pada 1998 Sakis Rouvas
67%
Tha' thela na isouna edo 1995 Antonis Vardis
33%
Apapa 1999 Despina Vandi
33%
Meres argias 1996 Diafana Krina
33%
Amartoli 1997 Dimitris Kokotas
33%
Proto fthinoporo 1998 Dimitris Mitropanos
33%
Ti trela mou zitas 1995 Dionisis Shoinas
33%
Ahrista rologia 1999 Domenica
33%
Otan to tilefono htipisi 1993 Elina Konstantopoulou
33%
Enas Theos 1998 Giannis Ploutarhos
33%
Deka magisses 1997 Giannis Savvidakis
33%
Gia Thessaloniki Athina 1998 Giannis Vardis
33%
Me dio marmarina filia 1996 Giorgos Alkaios
33%
Exartisi 1999 Giorgos Lempesis
33%
Paidi tis nixtas 1997 Giorgos Mazonakis
33%
Den eisai pouthena 1995 Manolis Lidakis
33%
Parallila 1998 Notis Sfakianakis
33%
Monahos 1998 Triantafillos
33%
S' ena hartaki egrapsa 1999 Valadis
33%
O vasilias tis skonis 1993 Xylina Spathia
33%
No matching quizzes found
Score Distribution
Percent of People with Each Score
Percentile by Number Answered
Your Score History
You have not taken this quiz